00888nam a2200205 a 4500008004100000020001800041050001800059100001600077245009800093260004000191300002200231350001100253650004600264650002800310650004400338700002300382995010200405999001700507952015800524150513s2012 ||||||||||||||||| || u a9780857090898 aTD 799.85 Was aStevels, Ab10aWaste electrical and electronic equipment (WEEE) handbookcby Vannesa Goodship and Ab Stevels aUSA:bWoodheap Publishing Ltdc2012 axxviii, 724.: ill a197.61 aELECTRONIC WASTE--HANDBOOKS, MANUALS, ETC aRECYCLING (WASTE, ETC.) aELECTRONIC WASTE--ENVIRONMENTAL ASPECTS aGoodship, Vannessa FCBU-MAIN LIBRARY (Kitwe)I197.61M1UAVAILABLEWJul 14, 2015ZMain Library Open Access Collection c61440d61440 00102lcc4070a001b001cMain Library Open Access Collectiond2022-11-30l1oTD 799.85 Wasp745627q2026-03-13r2026-02-26s2026-02-26w2022-11-30y002